Unit 2 korepetytorium cz.1 - Statystyki

Ogólne statystyki
  • Ten quiz został rozwiązany 20 razy
  • Średni wynik to 94 z 223
Statystyki odpowiedzi
po polsku po angielsku % Poprawnych
tylnie drzwi back door
100%
cegła brick
100%
drzwi door
100%
pierwsze piętro first floor
100%
piętro, podłoga floor
100%
frontowe drzwi front door
100%
ogród garden
100%
ogród z przodu budynku front garden
89%
winda lift
89%
schody stairs
89%
drzewo tree
89%
ogród warzywny vegetable garden
89%
okno window
89%
drewniana podłoga wooden floor
89%
wanna bath
78%
łóżko bed
78%
krzak bush
78%
zamek castle
78%
krzesło chair
78%
biurko desk
78%
mieszkanie flat
78%
widelec fork
78%
lodówka fridge
78%
kuchnia kitchen
78%
nóż knife
78%
drabina ladder
78%
światło light
78%
lustro mirror
78%
dach roof
78%
prysznic shower
78%
ręcznik towel
78%
ściana wall
78%
szafa wardrobe
78%
balkon balcony
67%
łazienka bathroom
67%
budynek building
67%
sufit ceiling
67%
komin chimney
67%
duże miasto city
67%
przytulny cosy
67%
domek wiejski, chata cottage
67%
drzewo owocowe fruit tree
67%
garaż garage
67%
żelazko iron
67%
czajnik kettle
67%
lampa lamp
67%
nowoczensy modern
67%
roślina plant
67%
ochrona security
67%
półka shelf
67%
slumsy slums
67%
mydło soap
67%
toaleta, WC toilet
67%
szczoteczka do zębów toothbrush
67%
tradycyjny traditional
67%
strych, poddasze attic
56%
piwnica basement
56%
sypialnia bedroom
56%
ławka (R) bench
56%
koc blanket
56%
bungalow, parterowy dom bungalow
56%
zegar clock
56%
wygodny/niewygodny comfortable/uncomfortable
56%
filiżanka cup
56%
na dole downstairs
56%
czajnik elektryczny electric kettle
56%
pusty empty
56%
płot fence
56%
brama, furtka gate
56%
stół kuchenny kitchen table
56%
pokój dzienny, salon living room
56%
sąsiad, sąsiadka neighbour
56%
na (pierwszym) piętrze on the (first) floor
56%
chodnik pavement
56%
poduszka pillow
56%
rura pipe
56%
kabina prysznicowa shower cabin
56%
kanapa sofa
56%
panel słoneczny solar panel
56%
pasta do zębów toothpaste
56%
garaż podziemny underground garage
56%
wieś, miasteczko village
56%
pralka washing machine
56%
mieszkanie apartment
44%
fotel armchair
44%
półka na książki bookshelf
44%
miska bowl
44%
jasny bright
44%
dywan, wykładzina carpet
44%
stolik kawowy coffee table
44%
korytarz corridor
44%
wieś, okolica wiejska country(side)
44%
zmywarka dishwasher
44%
łóżko dwuosobowe double bed
44%
ścieżka żwirowa (R) gravel path
44%
przedpokój, hol hall
44%
w złym stanie in bad condition
44%
trawnik lawn
44%
żarówka light bulb
44%
kubek mug
44%
na rogu on the corner
44%
luksusowy apartament na ostatnim piętrze budynku (R) penthouse
44%
dywanik rug
44%
drapacz chmur, wieżowiec skyscraper
44%
stylowy stylish
44%
przedmieścia suburbs
44%
huśtawka (R) swing
44%
malutki tiny
44%
domek na drzewie (R) treehouse
44%
na górze upstairs
44%
odkurzacz vacuum cleaner
44%
tapeta (R) wallpaper
44%
budzik (R) alarm clock
33%
blok mieszkalny apartment block
33%
blok mieszkalny block of flats
33%
odtwarzacz płyt CD CD player
33%
centralne ogrzewanie (R) central heating
33%
kominek fireplace
33%
zamrażarka freezer
33%
parter ground floor
33%
łódź mieszkalna houseboat
33%
przed czymś in front of sth
33%
luksusowa rezydencja mansion
33%
materac (R) mattress
33%
nieuporządkowany, zabałaganiony messy
33%
obok czegoś next to sth
33%
starówka old town
33%
mieszkanie z jedną sypialnią one-bedroom flat
33%
miejsce parkingowe parking space
33%
ogród z tyłu budynku rear garden
33%
piaskownica (R) sandbox
33%
dom bliźniak semi-detached house
33%
klatka schodowa staircase
33%
schodek step
33%
uporządkowany tidy
33%
małe miasto town
33%
klimatyzacja (R) air conditioning
22%
starożytny, wiekowy, bardzo stary ancient
22%
okolica area
22%
żaluzja, roleta blind
22%
kotłownia boiler room
22%
łóżko piętrowe bunk bed
22%
stolica capital (city)
22%
drabinka gimnastyczna (R) climbing frame
22%
ekspres do kawy coffeemaker
22%
kuchenka cooker
22%
kanapa couch
22%
zasłona courtain
22%
poduszka dekoracyjna cushion
22%
sztućce cutlery
22%
dzielnica district
22%
dzwonek doorbell
22%
klamka door handle
22%
kołdra, pierzyna duvet
22%
kuchenka elektryczna electric cooker
22%
pomieszczenie rekreacyjne games room
22%
kuchenka gazowa gas cooker
22%
miasto rodzinne home town
22%
roślina doniczkowa house plant
22%
mieszkaniec, mieszkanka inhabitant
22%
w centrum miasta in the city centre
22%
na wsi in the countryside
22%
na przedmieściach in the suburbs
22%
pukać do drzwi (R) knock on the door
22%
pralnia laundry (room/area)
22%
schludny neat
22%
okolica neighbourhood
22%
staroświecki, staromodny old-fashioned
22%
na ostatnim piętrze on the top floor
22%
naprzeciwko czegoś opposite sth
22%
ogrzewacz ogrodowy (R) outdoor heater
22%
ganek, weranda porch
22%
wiejski rural
22%
kawalerka studio (flat)
22%
taras do opalania sun terrace
22%
kran tap
22%
dom szeregowy terraced house
22%
mieszkanie dwupokojowe two-room flat
22%
stacja metra underground station
22%
grządka warzywna (R) vegetable plot/patch
22%
parapet windowstill
22%
po drugiej stronie ulicy across the street
11%
działka allotment
11%
zabytkowe meble (R) antique furniture
11%
na ostatnim piętrze (budynku) at the top (of a building)
11%
mieszkanie w suterenie (R) basement flat
11%
wynajęty pokój, kawalerka (R) bedsit
11%
biblioteczka bookcase
11%
alarm antywłamaniowy (R) burglar alarm
11%
nad morzem by the sea
11%
piwnica cellar
11%
dogodnie położony conveniently located
11%
budynek komunalny (R) council house
11%
szafka kuchenna cupboard
11%
wycieraczka do butów doormat
11%
łatwy dostęp do czegoś easy access to sth
11%
urządzenia elektryczne electrical appliances
11%
szafa wnękowa fitted wardrobe
11%
wejść do środka go inside
11%
grzejnik, kaloryfer heater
11%
sprzęt AGD (R) household appliances
11%
szafa na wymiar (R) made-to-order wardrobe
11%
czuj się jak u siebie w domu make yourself at home
11%
dwór (R) manor house
11%
kuchenka mikrofalowa microwave owen
11%
firanka net courtain
11%
niedawno odnowiony po remoncie recently renovated
11%
mieszkaniec, mieszkanka resident
11%
dzielnica mieszkaniowa residential area
11%
przestronny roomy
11%
prześcieradło sheet
11%
pokój dzienny, salon sitting room
11%
przestronny spacious
11%
sprzęt audio stereo
11%
gabinet study
11%
deska sedesowa toilet seat
11%
kurort tourist resort
11%
miasto turystyczne tourist town
11%
telewizor TV set
11%
miejski urban
11%
umywalka washbasin
11%
w bliskiej odległości od czegoś within walking distance of sth
11%
stół jadalny dining place
0%
Nie znaleziono quizów pasujących do podanych kryteriów
Rozkład punktacji
Procent ludzi z każdym wynikiem
Percentyl według liczby udzielonych odpowiedzi
Twoja historia wyników
Nie rozwiązałeś tego quizu